LEADER 01417nam a2200277 u 4500 001 000000059127 003 CaOOAMICUS 005 20070226120752.0 008 010622s1997 ci u000 u ita u 035 $a10893607 040 $aPUL(R)$bita 100 1 $aKurecic, Zvonimir.$0(OLS)http://pul/name/40872 245 10$aCommunio ecclesiastica :$bfondamento della communicatio in sacris tra i cattolici e gli orientali non cattolici (CIC, can. 844) /$cauctore Zvonimir Kurecic. 260 $aZagrebiae :$b[s.n.],$c1997. 300 $a138 p. ;$c24 cm 500 $aIn testa al front.: "Pontificia Universitas Gregoriana. Facultas Iuris Canonici". 502 $aExcerpta ex diss. ad doctoratum -- Pontificia Universitas Gregoriana. Facultas Iuris Canonici, 1997. 504 $aBibliografia: p. 105-134. 650 4$aCristianesimo e altre religioni.$0(OLS)http://pul/subject/268 710 2 $aPontificia Universitą Gregoriana.$bFacoltą di diritto canonico.$0(OLS)http://pul/name/27216 850 $aPUL 852 $aPUL$W1$xDP1 Tesi Pon. Univ. Gregoriana$y40$mTH PUG 4461$j77152$nBK-PRI$b $qTesi$B77152$CPULBib$Z2$F77152 $81 941 1 $a16 961 $aINV: 83704 996 $6245$aCommunio ecclesiastica :$bfondamento della communicatio in sacris tra i cattolici e gli orientali non cattolici (CIC, can. 844)$9(OLS)http://pul/title/79195 996 $6260$aZagrebiae :$b[s.n.]$9(OLS)http://pul/publisher/69747 LEADER 01182nam a2200277 u 4500 001 000000113965 003 CaOOAMICUS 005 20081119172513.0 008 081119s2008 ne u000 u eng r 020 $z978-90-04-16641-7* 040 $aPUL$bita$dLDB 245 00$aLutheran ecclesiastical culture, 1550-1675 /$cedited by Robert Kolb. 260 $aLeiden :$bBrill,$c2008. 300 $avi, 531 p. ;$c25 cm. 490 1 $aBrill's companions to the christian tradition ;$v11 500 $aInclude indici. 504 $aBibliografa in nota. 650 4$aProtestantesimo$ySec. XVI-XVII.$0(OLS)http://pul/subject/34918 700 1 $aKolb, Robert,$d1941-$0(OLS)http://pul/name/70280 830 0$aBrill's companions to the christian tradition ;$v11.$0(OLS)http://pul/title/143217 850 $aPUL 852 $aPUL$W1$xSL Religione 3$y85$m284. 10 KOLRO 1$j130227$qDDC 21$B129304$CPULBib$Z2$F129304 $H108829 $82 941 1 $a9 996 $6020$z978-90-04-16641-7*$9(OLS)http://pul/number/139211 996 $6245$aLutheran ecclesiastical culture, 1550-1675$9(OLS)http://pul/title/143218 996 $6260$aLeiden :$bBrill$9(OLS)http://pul/publisher/47956